000 02098nam0a2200385 4500
001 RU\NLR\BIBL_A\011492517
005 20260406085010.0
010 _a9785358176409
_93600
021 _aRU
_b2017-65989
_94669
035 _a(RuMoRGB)009381764
035 _a(NLR Aleph) 011492517
090 _a11952276
_c11952276
100 _a20171010d2017 u y0rusy50 ca
101 0 _arus
_aeng
102 _aRU
105 _aacb|j|||000zy
200 1 _aАнглийский язык с удовольствием
_dEnjoy english
_eанглийский язык
_eучебное пособие
_e7 класс
_e[соответствует Федеральному государственному образовательному стандарту основного общего образования]
_fМ.З. Биболетова, Н.Н. Трубанева
_zeng
210 _aМосква
_cДрофа
_d2017
215 _a159, [1] с.
_cил., портр., табл., цв. ил., портр., карт.
_d27
225 1 _aФГОС
300 _aНа обл.: Enjoy English: английский язык: 7 класс: student's book / М.З. Биболетова
300 _aВ макете загл.: Английский язык
512 1 _6z33790
_aEnjoy English
_eанглийский язык
_e7 класс
_estudent's book
_zeng
517 1 _aАнглийский язык
606 1 _aАнглийский язык
_jУчебники для средней школы
_9972309
_3RU\NLR\AUTH\6646032
686 _aШ143.21-922.1(2)
_2rubbk
686 3 _aШ143.21-93рус21[7]
700 1 _8rus
_7ca
_aБиболетова
_bМ. З.
_gМерем Забатовна
_3RU\NLR\AUTH\7753799
_936731
701 1 _8rus
_7ca
_aТрубанева
_bН. Н.
_gНаталья Николаевна
_3RU\NLR\AUTH\7725350
_98399
790 1 _8rus
_7ba
_aBiboletova
_bM. Z.
_gMerem Zabatovna
_3RU\NLR\AUTH\7794434
_977360
790 1 _8rus
_7ba
_aTrubaneva
_bN. N.
_gNatal'ja Nikolaevna
_3RU\NLR\AUTH\770151867
_9151829
942 _cBOOK
980 _aNBR